[Event "Mittelfranken-ch QT"]
[Site "Mittelfranken"]
[Date "2014.04.17"]
[Round "4.8"]
[White "Gloth, Gerrit"]
[Black "Stohl, Tristan"]
[Result "1-0"]
[WhiteElo "1947"]
[BlackElo "1355"]
[PlyCount "61"]
[EventDate "2014.04.16"]
[EventType "swiss"]
[EventRounds "7"]
[EventCountry "GER"]
[SourceTitle "EXT 2022"]
[Source "ChessBase"]
[SourceDate "2021.10.06"]
[SourceVersion "1"]
[SourceVersionDate "2021.10.06"]
[SourceQuality "1"]

1. e4 c5 2. Nc3 Nc6 3. g3 g6 4. Bg2 Bg7 5. d3 d6 6. Be3 Nf6 7. h3 Bd7 8. Qd2 Qb6 9. Nge2 0-0 10. Rb1 e6 11. 0-0 Rac8 12. f4 Qd8 13. g4 Ne8 14. f5 Nc7 15. Bh6 Qf6 16. Bg5 Qe5 17. Bf4 Qf6 18. g5 Qd8 19. f6 Bh8 20. Bxd6 Re8 21. Bxc5 b6 22. Be3 Ne5 23. Bf4 Nc6 24. e5 Nd5 25. Ne4 Nxf4 26. Qxf4 Rb8 27. Nd6 Rf8 28. Ng3 b5 29. c3 b4 30. d4 a5 31. Nge4 1-0